LEADER 01493nam a2200301 u 4500 001 000000000317 003 CaOOAMICUS 005 20070226104203.0 008 940517s1976 es u000 u lat u 020 $a8425408660 035 $a10005841 040 $aPUL(R)$bita 245 00$aEnchiridion symbolorum :$bdefinitionum et declarationum de rebus fidei et morum /$cquod primum edidit Henricus Denzinger et quod funditus retractavit, auxit, notulis ornavit Adolfus Schönmetzer. 250 $aEd. 36a emendata. 260 $aBarcinone :$bHerder,$c1976 c1963. 300 $axxxii, 954 p. ;$c20 cm 610 24$aCatholic Church$lLatin$xCatechisms and creeds.$0(OLS)http://pul/subject/326 610 24$aCatholic Church$xDoctrinal and controversial works.$0(OLS)http://pul/subject/327 610 24$aCatholic Church$xCanons, decretals, etc.$0(OLS)http://pul/subject/328 700 1 $aSchönmetzer, Adolf,$cS.I.$0(OLS)http://pul/name/317 700 1 $aDenzinger, Heinrich Joseph Dominik,$d1819-1883.$0(OLS)http://pul/name/316 850 $aPUL 852 $aPUL$W1$xSL Cons. Gen., Altre Classi 1$y1$m2016 A 22$j311$nBK-PRI$b $qStampati$B311$CPULBib$Z2$F311 $H $81 941 1 $a8 961 $aINV: 55543 996 $6020$a8425408660$9(OLS)http://pul/number/329 996 $6245$aEnchiridion symbolorum :$bdefinitionum et declarationum de rebus fidei et morum$9(OLS)http://pul/title/376 996 $6260$aBarcinone :$bHerder$9(OLS)http://pul/publisher/48022 LEADER 02300nam a2200445 u 4500 001 000000009858 003 CaOOAMICUS 005 20070226105242.0 008 950703s1981 it u000 u ita u 020 $a8805036854 035 $a10246400 040 $aEFR$bita 041 1 $aita$alat 100 1 $aVictorinus, Caius Marius,$dc. 275-c. 363.$0(OLS)http://pul/name/64590 240 10$aCommentarii in epistolas Pauli$9(Victorinus, Caius Marius, c. 275-c. 363).$lItalian and Latin.$0(OLS)http://pul/title/14421 245 10$aCommentari alle epistole di Paolo agli Efesini, ai Galati, ai Filippesi /$cMario Vittorino ; edizione critica con introduzione, traduzione italiana, note e indici a cura di Franco Gori. 246 35$aCommentarii in epistolas Pauli, ad Ephesios, ad Galatas, ad Philippenses 260 $aTorino :$bSocietà editrice internazionale,$c1981. 300 $a450 p. ;$c23 cm 490 1 $aCorona Patrum ;$v8 500 $aFront. agg. in latino. 500 $aComprende indici. 500 $aTesto latino e trad. italiana a fronte. 504 $aBibliografia: p. [25]-26. 600 14$aVictorinus, Caius Marius,$dc. 275-c. 363.$tCommentarii in epistolas Pauli.$0(OLS)http://pul/subject/8029 630 04$aBiblia.$pN.T.$pAd Ephesios.$0(OLS)http://pul/subject/15863 630 04$aBiblia.$pN.T.$pAd Galatas$xCommenti.$0(OLS)http://pul/subject/6279 630 04$aBiblia.$pN.T.$pAd Philippenses$xCommenti.$0(OLS)http://pul/subject/8031 700 1 $aGori, Franco.$0(OLS)http://pul/name/2125 830 0$aCorona Patrum ;$v8.$0(OLS)http://pul/title/2178 850 $aPUL 852 $aPUL$W1$xSL Religione 1$y3$m17 N 8$j13992$nBK-PRI$b $qStampati$B13992$CPULBib$Z2$F13992 $H $81 900 $aVittorino, Caio Mario,$dc. 275-c. 363$964590 900 $aMario Vittorino,$dc. 275-c. 263$964590 941 1 $a8 961 $aINV: 49003 996 $6020$a8805036854$9(OLS)http://pul/number/12662 996 $6245$aCommentari alle epistole di Paolo agli Efesini, ai Galati, ai Filippesi$9(OLS)http://pul/title/14422 996 $6246$aCommentarii in epistolas Pauli, ad Ephesios, ad Galatas, ad Philippenses$9(OLS)http://pul/title/14423 996 $6260$aTorino :$bSocietà editrice internazionale$9(OLS)http://pul/publisher/48156